00470nam a22001457a 4500020001800000040000900018082001500027100002800042245003200070260004700102650004000149942001200189999001900201952010400220 a9780471434634 cNust a536.2bKAV aMassoud Kaviany9125342 aPrinciples of Heat transfer aNew York:bJohn Wiley and sons Inc,c2002. aPrinciples of Heat transfer9125343 2ddccBK c611099d611099 00102ddc4070aCEMEbCEMEcGENd2024-08-26l0o536.2 KAVpCEME- 35608r2024-08-26w2024-08-26yBK